Sudden death: Vitesse in Europa - Statistieken

Algemene statistieken
  • Deze quiz is 19 keer genomen
  • De gemiddelde score is 8 van 32
Answers on the Grid
Answers color-coded by a green-red scale on the quiz's grid according to % correct below.
Derry City
Dundee United
Sporting Club de Portugal
KV Mechelen
Real Madrid
Norwich City
AC Parma
SC Braga
AEK Athene
Girondins de Bordeaux
SC Beia-Mar
RC Lens
Maccabi Haifa
Internazionale
Rapid Boekarest
Werder Bremen
Liverpool
Lokomotiv Plovdiv
Anzji Machatsjkala
Petrolul Ploiesti
Southampton
Lazio Roma
OGC Nice
SV Zulte Waregem
Viitorul Constanta
FC Basel
Dundalk FC
RSC Anderlecht
Tottenham Hotspur
Rapid Wien
AS Roma
NS Mura
FC Kopenhagen
Malmö FF
Glasgow Rangers
Lech Poznan
HJK Helsinki
Zenit St. Petersburg
Rubin Kazan
Wacker Innsbruck
KAA Gent
LOSC Lille
Bayer Leverkusen
Chelsea
CSKA Moskou
Hadjuk Split
Asteras Tripolis
Panathinaikos
1. FC Köln
Schalke 04
 
Antwoordstatistieken
Antwoord % Correct
AS Roma
50%
Liverpool
50%
Norwich City
50%
Southampton
50%
AC Parma
33%
Dundalk FC
33%
Internazionale
33%
NS Mura
33%
Petrolul Ploiesti
33%
Rapid Wien
33%
RSC Anderlecht
33%
SC Braga
33%
SV Zulte Waregem
33%
Anzji Machatsjkala
17%
Derry City
17%
Dundee United
17%
FC Basel
17%
KV Mechelen
17%
Lazio Roma
17%
Lokomotiv Plovdiv
17%
Maccabi Haifa
17%
OGC Nice
17%
Rapid Boekarest
17%
Real Madrid
17%
Sporting Club de Portugal
17%
Tottenham Hotspur
17%
Viitorul Constanta
17%
Werder Bremen
17%
AEK Athene
0%
Girondins de Bordeaux
0%
RC Lens
0%
SC Beia-Mar
0%
Geen overeenkomende quizzen gevonden
Scoreverdeling
Procent van Mensen met Elke Score
Percentiel versus Aantal Correcte Antwoorden
Uw Scoregeschiedenis
U heeft deze quiz nog niet genomen